01217nam a22003134a 4500001001200000003000800012006001900020007001500039008004100054010001700095020001800112020004000130040002100170035002100191050002500212082002000237100002700257245011100284260006000395300002400455504005100479533015200530650001400682650001800696655002900714710001700743856012600760999001700886ebr10091289CaPaEBRm u cr cn|||||||||040714s2005 njua sb 001 0 eng  z 2004016424 z9780813537740 z0813535751 (hardcover : alk. paper) aCaPaEBRcCaPaEBR a(OCoLC)56794241614aTA455.A6bM33 2005eb04a363.738/4942221 aMaines, Rachel,d1950-10aAsbestos and fireh[electronic resource] :btechnological tradeoffs and the body at risk /cRachel Maines. aNew Brunswick, N.J. :bRutgers University Press,c2005. axiv, 254 p. :bill. aIncludes bibliographical references and index. aElectronic reproduction.bPalo Alto, Calif. :cebrary,d2013.nAvailable via World Wide Web.nAccess may be limited to ebrary affiliated libraries. 0aAsbestos. 0aFireproofing. 7aElectronic books.2local2 aebrary, Inc.40uhttp://site.ebrary.com/lib/rucke/Doc?id=10091289zAn electronic book accessible through the World Wide Web; click to view c72452d72452